Music Quiz

Random Music or Clip Quiz

Shikari Sounds Quiz Stats

 Plays Quiz not verified by Sporcle

Support Sporcle.
Go Orange.
Score 0/15 Timer 05:00
0 Plays Today
Song % Correct
Sorry, You're Not A Winner
90.3%
Mothership
89.4%
Juggernauts
85.9%
The Jester
84.8%
Destabilise
75.6%
Adieu
68.2%
Solidarity
67.5%
Wall
61.8%
Song % Correct
OK, Time for Plan B
61.3%
Thumper
55.5%
Acid Nation
50.2%
The Feast
42.9%
All Eyes On The Saint
42.4%
Tribalism
38.7%
We Can Breathe in Space, They Just Don't Want Us to Escape
36.2%

You're not logged in!

Compare scores with friends on all Sporcle quizzes.
OR
Log In

From the Vault

Golden Globe and Emmy: Comedy Series

by El_Dandy

We'll leave the comedy writing to these talented folks, thank you very much.
Remove Ads.
Support Sporcle.
Get the best of Sporcle when you Go Orange. This ad-free experience offers more features, more stats, and more fun while also helping to support Sporcle. Thank you for becoming a member.

Show Comments

Extras

Created Mar 13, 2011ReportNominate
Tags:Clip Quiz, Audio Quiz

Top Quizzes Today


Score Distribution

Your Account Isn't Verified!

In order to create a playlist on Sporcle, you need to verify the email address you used during registration. Go to your Sporcle Settings to finish the process.

Report this User

Report this user for behavior that violates our Community Guidelines.

Details: